=LDR 00000nam 2200000 4500 =001 INLIS000000000026953 =005 20130612125350 =008 ***********************************Ind** =035 ##$$a0010-061300000026953 =041 ##$$a Ind =082 ##$$a 2x9.4 =090 ##$$a 2x9.4, Asy d =100 ##$$a Asy, Yusuf Al =245 ##$$a Dinasti Abbasiyah, Yusuf Al Isy ; penerjemah, Arif Munandar ; editor, Yasir Maqosid =260 ##$$a 2007 $b Jakarta =300 ##$$a xxiv, 288 hlm, 21 cm =650 ##$$a Daulah Abbasiyah =700 ##$$a Munandar, Arif =850 ##$$a NBPNMAT =990 ##$$a 91762/BPAP-NTB/2014 =990 ##$$a 91983/BPAP-NTB/2014 =990 ##$$a 91983/BPAP-NTB/2014 =990 ##$$a 21195225/BPAP-NTB/2014